New directions for children's ministries. (Record no. 9086)

000 -LEADER
fixed length control field 00615nam a2200193 a 4500
001 - CONTROL NUMBER
control field :::00006867$&:&@@
003 - CONTROL NUMBER IDENTIFIER
control field OkBaRHE
005 - DATE AND TIME OF LATEST TRANSACTION
control field 20100331131440.0
008 - FIXED-LENGTH DATA ELEMENTS--GENERAL INFORMATION
fixed length control field s1980 j 000 0 eng u
020 ## - INTERNATIONAL STANDARD BOOK NUMBER
International Standard Book Number 0834106396
040 ## - CATALOGING SOURCE
Transcribing agency
100 1# - MAIN ENTRY--PERSONAL NAME
Personal name Hall, Miriam J.
245 10 - TITLE STATEMENT
Title New directions for children's ministries.
260 ## - PUBLICATION, DISTRIBUTION, ETC. (IMPRINT)
Place of publication, distribution, etc Kansas City, MO., :
Name of publisher, distributor, etc Beacon Hill Press of Kansas City
Date of publication, distribution, etc 1980
300 ## - PHYSICAL DESCRIPTION
Extent 214 p. : illus. ;
Dimensions 23 cm.
650 ## - SUBJECT ADDED ENTRY--TOPICAL TERM
Topical term or geographic name as entry element Church Work with Children
942 ## - ADDED ENTRY ELEMENTS (KOHA)
Source of classification or shelving scheme
Koha item type Books
Copies
Permanent Location Price effective from Barcode Damaged status Source of classification or shelving scheme Copy number Withdrawn status Not for loan Lost status Date acquired Full call number Shelving location Date last seen Koha item type
RHEMA Bible Training College2010-04-146867  1   2010-04-14BV 639 .C4 H33General Stacks2010-04-14Books